| 000 | 00359nam a2200145Ia 4500 | ||
|---|---|---|---|
| 008 | 210210b1966 xxu||||| |||| 00| 0 eng d | ||
| 082 | _a959.7043 SIVV | ||
| 100 | _aSIVARAM (M). | ||
| 245 | _aVietnam war: why ?. | ||
| 260 |
_aNew York. _bMacfadden-Bartell Book., _c1966 |
||
| 300 | _a126 | ||
| 650 | _aVietnam | ||
| 690 | _aAsian History | ||
| 906 | _a029118 | ||
| 999 |
_c80344 _d80344 |
||